[Event "DEM U18w 2020"]
[Site "Willingen GER"]
[Date "2020.10.24"]
[Round "7"]
[White "Schiewe, Nadin"]
[Black "Minneken, Swantje"]
[Result "1/2-1/2"]
[Termination "normal"]
[Board "9"]
[WhiteElo "1660"]
[BlackElo "1322"]
[WhiteClock "00:06:12"]
[BlackClock "00:24:01"]
[PlyCount "107"]
[WhiteFideId "16209079"]
[BlackFideId "16261526"]
[EventCountry "GER"]
[EventRounds "7"]
[EventType "swiss"]
[EventDate "2020.10.19"]

1. d4 {[%clk 1:30:58]} c6 {[%clk 1:30:46]} 2. Nf3 {[%clk 1:31:09]} d5 {[%clk
1:31:00]} 3. e3 {[%clk 1:31:27]} Bf5 {[%clk 1:31:18]} 4. Bd3 {[%clk 1:31:42]}
Bxd3 {[%clk 1:31:38]} 5. Qxd3 {[%clk 1:32:08]} Nd7 {[%clk 1:31:50]} 6. O-O
{[%clk 1:31:16]} e6 {[%clk 1:31:53]} 7. Nbd2 {[%clk 1:31:21]} Bd6 {[%clk
1:32:04]} 8. Re1 {[%clk 1:29:46]} Ngf6 {[%clk 1:31:45]} 9. c3 {[%clk 1:29:13]}
O-O {[%clk 1:31:45]} 10. e4 {[%clk 1:29:02]} dxe4 {[%clk 1:29:49]} 11. Nxe4
{[%clk 1:29:23]} Nxe4 {[%clk 1:30:09]} 12. Rxe4 {[%clk 1:28:46]} Be7 {[%clk
1:26:59]} 13. Qc2 {[%clk 1:26:30]} c5 {[%clk 1:24:43]} 14. Bf4 {[%clk 1:24:59]}
Nf6 {[%clk 1:24:10]} 15. Re2 {[%clk 1:24:54]} cxd4 {[%clk 1:22:26]} 16. Nxd4
{[%clk 1:24:46]} Rc8 {[%clk 1:21:22]} 17. Qb3 {[%clk 1:18:53]} Nd5 {[%clk
1:17:08]} 18. Bg3 {[%clk 1:17:25]} Qb6 {[%clk 1:15:41]} 19. Rd1 {[%clk
1:11:31]} Rfd8 {[%clk 1:13:45]} 20. Red2 {[%clk 1:03:42]} Bc5 {[%clk 1:12:23]}
21. Bh4 {[%clk 0:55:10]} Re8 {[%clk 1:06:18]} 22. Qxb6 {[%clk 0:52:50]} Bxb6
{[%clk 1:05:46]} 23. Nb5 {[%clk 0:52:06]} Rc6 {[%clk 1:02:18]} 24. c4 {[%clk
0:44:31]} Ne3 {[%clk 0:54:50]} 25. fxe3 {[%clk 0:43:07]} Bxe3+ {[%clk 0:54:53]}
26. Rf2 {[%clk 0:42:12]} Bxf2+ {[%clk 0:54:41]} 27. Bxf2 {[%clk 0:42:14]} h6
{[%clk 0:54:01]} 28. b3 {[%clk 0:41:26]} a6 {[%clk 0:53:52]} 29. Nc3 {[%clk
0:37:04]} e5 {[%clk 0:53:03]} 30. Ne4 {[%clk 0:33:03]} f5 {[%clk 0:52:53]} 31.
Ng3 {[%clk 0:32:43]} Rf6 {[%clk 0:52:17]} 32. Rd7 {[%clk 0:32:04]} e4 {[%clk
0:51:46]} 33. Bd4 {[%clk 0:31:30]} Rf7 {[%clk 0:43:35]} 34. Rxf7 {[%clk
0:31:46]} Kxf7 35. Nxf5 Kg6 {[%clk 0:43:25]} 36. Nxg7 {[%clk 0:27:19]} Rd8
{[%clk 0:38:36]} 37. Ne6 {[%clk 0:27:09]} Rd6 {[%clk 0:38:39]} 38. Nf4+ {[%clk
0:26:59]} Kf5 {[%clk 0:38:47]} 39. Ne2 {[%clk 0:25:20]} Re6 {[%clk 0:37:46]}
40. Kf2 {[%clk 0:24:56]} h5 {[%clk 0:36:07]} 41. Ke3 {[%clk 0:22:24]} Re8
{[%clk 0:33:33]} 42. h3 {[%clk 0:21:11]} Rg8 {[%clk 0:32:10]} 43. g3 {[%clk
0:21:08]} Re8 {[%clk 0:31:02]} 44. b4 {[%clk 0:20:23]} Re6 {[%clk 0:30:27]} 45.
a4 {[%clk 0:19:30]} Rc6 {[%clk 0:29:06]} 46. c5 {[%clk 0:18:58]} Re6 {[%clk
0:28:25]} 47. Bc3 {[%clk 0:17:05]} Re8 {[%clk 0:27:00]} 48. b5 {[%clk 0:16:08]}
axb5 {[%clk 0:26:54]} 49. axb5 {[%clk 0:16:29]} Rc8 {[%clk 0:26:32]} 50. Nd4+
{[%clk 0:15:29]} Ke5 {[%clk 0:25:45]} 51. c6 {[%clk 0:13:59]} bxc6 {[%clk
0:25:19]} 52. bxc6 {[%clk 0:09:48]} Kd5 {[%clk 0:24:39]} 53. c7 {[%clk
0:09:36]} Rxc7 {[%clk 0:24:01]} 54. Bd2 {[%clk 0:06:12]} 1/2-1/2

[Event "DEM U18w 2020"]
[Site "Willingen GER"]
[Date "2020.10.24"]
[Round "7"]
[White "Dietz, Helena"]
[Black "Kühne, Maria"]
[Result "0-1"]
[Termination "normal"]
[Board "10"]
[WhiteElo "1463"]
[BlackElo "1590"]
[WhiteClock "00:00:38"]
[BlackClock "00:07:22"]
[PlyCount "66"]
[WhiteFideId "16239016"]
[BlackFideId "12997412"]
[EventCountry "GER"]
[EventRounds "7"]
[EventType "swiss"]
[EventDate "2020.10.19"]

1. d4 {[%clk 1:30:56]} c5 {[%clk 1:30:57]} 2. c3 {[%clk 1:31:15]} Qc7 {[%clk
1:31:03]} 3. Nf3 {[%clk 1:31:03]} Nf6 {[%clk 1:30:50]} 4. Nbd2 {[%clk 1:27:43]}
d6 {[%clk 1:21:16]} 5. e3 {[%clk 1:26:58]} g6 {[%clk 1:14:18]} 6. Be2 {[%clk
1:26:36]} Bg7 {[%clk 1:14:36]} 7. O-O {[%clk 1:25:58]} O-O {[%clk 1:11:35]} 8.
Re1 {[%clk 1:22:40]} a6 {[%clk 1:09:03]} 9. Qb3 {[%clk 1:19:10]} Nc6 {[%clk
0:53:11]} 10. a4 {[%clk 1:10:36]} b6 {[%clk 0:52:21]} 11. h3 {[%clk 1:01:52]}
Bd7 {[%clk 0:42:48]} 12. Qc2 {[%clk 0:47:57]} e6 {[%clk 0:35:19]} 13. dxc5
{[%clk 0:46:59]} dxc5 {[%clk 0:34:40]} 14. Ne4 {[%clk 0:40:03]} Nxe4 {[%clk
0:30:31]} 15. Qxe4 {[%clk 0:40:22]} Na5 {[%clk 0:25:19]} 16. Qc2 {[%clk
0:35:28]} Rfd8 {[%clk 0:19:09]} 17. Bd2 {[%clk 0:35:13]} Bc6 {[%clk 0:17:40]}
18. c4 {[%clk 0:31:52]} Nb7 {[%clk 0:18:04]} 19. Bc3 {[%clk 0:31:59]} f6 {[%clk
0:16:54]} 20. h4 {[%clk 0:28:55]} Nd6 {[%clk 0:15:06]} 21. Nd2 {[%clk 0:26:26]}
Qf7 {[%clk 0:13:43]} 22. Bd3 {[%clk 0:24:06]} Nf5 {[%clk 0:13:00]} 23. h5
{[%clk 0:23:07]} Rd7 {[%clk 0:12:13]} 24. e4 {[%clk 0:13:46]} Ne7 {[%clk
0:10:10]} 25. e5 {[%clk 0:12:32]} f5 {[%clk 0:10:21]} 26. hxg6 {[%clk 0:10:38]}
Qxg6 {[%clk 0:10:26]} 27. Bf1 {[%clk 0:10:17]} Bh6 {[%clk 0:09:45]} 28. Rad1
{[%clk 0:04:45]} Rad8 {[%clk 0:09:26]} 29. Nb3 {[%clk 0:03:56]} Bf4 {[%clk
0:07:34]} 30. Qe2 {[%clk 0:00:43]} Qh6 {[%clk 0:07:19]} 31. f3 {[%clk 0:01:02]}
Bh2+ {[%clk 0:07:19]} 32. Kf2 {[%clk 0:00:38]} Qh4+ {[%clk 0:07:22]} 33. Ke3
{[%clk 0:00:38]} f4# 0-1